UK Counties General Knowledge: Shropshire - Statistics

General Stats
  • This quiz has been taken 187 times
  • The average score is 9 of 20
Answer Stats
Clue Answer % Correct
Longest river in the UK, flows through the county. River Severn
96%
The county town of Shropshire. Shrewsbury
84%
An old name for the county, historically used as an abbreviated form for post or telegrams. Salop
79%
Famed naturalist and geologist born in the county, known for his contributions to the science of evolution. Charles Darwin
77%
New town, named after a famous civil engineer born in 1757. Telford
74%
The only motorway in the county. M54
62%
The River Teme flows through this, the largest town in South Shropshire. Ludlow
58%
Market town famed for it’s involvement in the creation of the modern Olympic movement. Much Wenlock
54%
A hill in east Shropshire, popular with walkers. Rises to a height of 407m (1335ft). The Wrekin
49%
Actor and comedian, bought up in Wem in the north of the county. Played Mr Gilbert in a popular Channel 4 comedy. Greg Davies
43%
The Severn Valley Railway (a heritage line) runs from Kidderminster to this Market Town. Bridgnorth
40%
Former stadium of Shrewsbury Town FC Gay Meadow
34%
This town nicknamed ‘Little Switzerland’ became a health resort in the late Victorian and Edwardian period. Church Stretton
30%
English poet, born in Oswestry in 1893, died in action during WWI. Wilfred Owen
26%
Located in the north of the county, this is the oldest continually inhabited town in the county. Whitchurch
24%
Hill range which forms part of the Shropshire Hills, designated an Area of Outstanding Natural Beauty (AONB) The Long Mynd
21%
Builder of the iconic Ironbridge, which spans the river in Q2. Abraham Darby III
18%
Former England and Wolverhampton Wanderers captain, born in Shropshire. Billy Wright
15%
The year construction of the bridge was completed. 1779
13%
Stand-up comedian, born in Wellington, made his name in the mid-90s with then comedy partner Richard Herring. Stewart Lee
9%
No matching quizzes found
Score Distribution
Percent of People with Each Score
Percentile by Number Answered
Your Score History
You have not taken this quiz